01348cam a22002771 4500001001300000003000400013005001700017008004100034010001700075035001900092040004700111042001200158050002200170100004500192245031300237260003800550300007700588490009500665500006400760650004700824700005500871700003800926700005200964710003701016999001701053gs 18000395 DLC20260227111323.0780914s1916 wiuab s000 0 eng c ags 18000395  a(OCoLC)4224050 aLibrary, U. S. Geological SurveycAzUdDLC apremarc00aQE179b.A2 no. 481 aWhitson, A. R.q(Andrew R.),d1870-1945.10aSoil survey of Jefferson County, Wisconsin,cby A. R. Whitson, W. J. Geib and O. J. Noer of the Wisconsin Geological and natural history survey, and A. H. Meyer, of the United States Department of agriculture; survey conducted in cooperation with the United States Department of agriculture, Bureau of soils. aMadison, Wis.,bThe State,c1916. a1 p. l., 78 p.billus., (maps) III pl., fold. map (in portfolio)c23 cm.0 aWisconsin. Geological and natural history survey. Bulletin,vno. 48. Soil series no. 13 aSoil survey in cooperation with the College of agriculture. 0aSoil surveyszWisconsinzJefferson County.1 aGeib, W. J.q(Warren Jacob),d1880-ejoint author.1 aNoer, Oyvind Juul,ejoint author.1 aMeyer, Alfred Henry,d1888-1934,ejoint author.1 aUnited States.bBureau of Soils. c25881d25881